000 00510nam a22001937a 4500
003 CEME
005 20210628202642.0
008 210125b xxu||||| |||| 00| 0 eng d
020 _a81-297-0176-6
040 _c.
082 _a512.5 KOL
100 _aKolman, Bernard Hill, David .R
_960925
245 _aIntroductory linear algebra with applcations
250 _a7TH
260 _aNEW DELHI
_bPEARSON EDUCATION ASIA
_c2001
300 _aXVI,545 P
650 _aLINEAR ALGEBRA.
_957395
942 _cBK
_2ddc
999 _c570524
_d570524